Responses for Show #8659 - Thursday, June 9, 2022

Eric Ahasic game 4.

Contestants

[<< previous game]

Sean McGrath, a middle school teacher from Washington, D.C.

Allison MacDonald, a lawyer from Randolph, New Jersey

Eric Ahasic, a meteorologist from Minneapolis, Minnesota (whose 3-day cash winnings total $75,601)

[next game >>]

Jeopardy! Round responses

ANCIENT HISTORY
ABBREVIATED TV
ONE-LETTER FIRST NAME CHANGE
BOOK IT!
PUMP-POURRI
SILENT W WORDS
    $200 17
(Sean: What is Pompei?)

(Mount) Vesuvius

EricSean
    $200 9
CSI

Allison
    $200 26
(Mayim: Referring to [**] Keaton.)

Diana & Diane

Sean
    $200 14
Bees

Sean
    $200 4
the heart

Sean
    $200 15
a wren

Eric
    $400 16
Delphi

Eric
    $400 10
S.H.I.E.L.D.

Allison
    $400 27
(Mayim: [*], for Cuomo and Shriver.)

Mario & Maria

Triple Stumper
    $400 18
(Tony) Robbins

Eric
    $400 5
a sump pump

Eric
    $400 22
(Mayim: Yes, it takes [*] to tango.)

two

Eric
    $600 1
Hanukkah

Eric
    $600 11
The O.C.

Sean
    $600 28
(Mayim: Fitzgerald and Macpherson.)

Ella & Elle

Triple Stumper
    $600 19
New Moon

Sean
    $600 6
the jam

Sean
    $600 23
wrongful

Sean
    $800 2
elephants

Eric
    $800 12
ER

Allison
    $800 29
(Mayim: Cross and Baldwin.)

Alex & Alec

Triple Stumper
    $800 20
(Colson) Whitehead

Allison
    $800 7
Peking duck

Eric
    $800 24
the wrist

Eric
    $1,400 3
the Phoenicians

Eric
    $1000 13
U.N.C.L.E.

Eric
    $1000 30
(Mayim: Jackson and Sakharov.)

Andrew & Andrei

Triple Stumper
    $1000 21
Moriarty

Allison
    $1000 8
cholera

Sean
    $1000 25
playwright

Eric

Scores at the first commercial break (after clue 15):

Eric Allison Sean
$5,200 $1,400 $2,600

Scores at the end of the Jeopardy! Round:

Eric Allison Sean
$8,400 $3,200 $3,800

Double Jeopardy! Round responses

PRESENTING JEOPCOIN!
(Mayim: That's our exclusive Jeopardy! cryptocurrency.)
CLASSICAL MUSIC
COUNTRY OF THE WATERFALL
THAT'S NOT A PRESIDENT
DRINK UP POP CULTURE
WORDS OF COMFORT
    $400 15
a wallet

Sean
    $400 23
an overture

Allison
    $400 14
(Eric: What is the United States?)

Canada

EricSean
    $400 25
a poker

Allison
    $400 1
Seinfeld

Eric
    $400 24
cozy

Eric
    $800 16
mining

Sean
    $5,000 13
The Planets

Eric
    $800 20
(Mayim: Yes, you can probably tell by my excellent Icelandic pronunciation.)
[Laughter]

Iceland

Eric
    $800 29
hoover

Sean
    $800 8
one beer

Eric
    $800 26
homely

Allison
    $1200 17
biathlon

Eric
    $1200 10
(Eric: What is Austria?)

the Italian Symphony

Eric
Triple Stumper
    $8,800 2
Scotland

Eric
    $1200 3
an elk

Eric
    $1200 5
Carrie Fisher

Allison
    $1200 27
soothe

Allison
    $1600 18
an initial coin offering

Allison
    $1600 11
Stravinsky

Eric
    $1600 21
New Zealand

Triple Stumper
    $1600 4
(Sean: Who are the Masons? [*]?)

the Freemasons

Sean
    $1600 6
Interview with the Vampire

Allison
    $1600 28
blessed

Eric
    $2000 19
a stablecoin

Eric
    $2000 12
a cadenza

Triple Stumper
    $2000 22
Switzerland

Triple Stumper
    $2000 9
a cloud chamber

Eric
    $2000 7
(Sean: Who is Masden?)

Mads Mikkelsen

Sean
Triple Stumper
    $2000 30
copacetic

Triple Stumper

Scores at the end of the Double Jeopardy! Round:

Eric Allison Sean
$32,600 $10,400 $5,800
(lock game)

[wagering suggestions for these scores]

Final Jeopardy! Round responses

CHILDREN'S LITERATURE
(Mayim: [To Sean] It's been translated into 382 different languages and dialects according to The Guinness World Records.)
SeanWhat is The Little Prince? :)
$5,799
AllisonWhat is The Little Prince?
$2,000
EricWhat is Goodnight Moon?
$2,400
The Little Prince

Final scores:

Eric Allison Sean
$30,200 $12,400 $11,599
4-day champion: $105,801 2nd place: $2,000 3rd place: $1,000

Game dynamics:

Coryat scores:

Eric Allison Sean
$20,400 $10,400 $5,800
25 R
(including 3 DDs),
2 W
12 R,
0 W
13 R,
2 W

Combined Coryat: $36,600

[game clues] [game scores] [suggest correction]

Game tape date: 2022-04-19
The J! Archive is created by fans, for fans. Scraping, republication, monetization, and malicious use prohibited; this site may use cookies and collect identifying information. See terms. The Jeopardy! game show and all elements thereof, including but not limited to copyright and trademark thereto, are the property of Jeopardy Productions, Inc. and are protected under law. This website is not affiliated with, sponsored by, or operated by Jeopardy Productions, Inc. Join the discussion at JBoard.tv.